Normale Ansicht MARC-Ansicht ISBD

Das preußische Gymnasium in Staat und Gesellschaft : (Titelsatznr. 49701)

[ MARC ]
MARC-Details
000 -Satzkennung
Kontrollfeld mit fester Länge 00720nac a22002171ca4500
001 - Kontrollnummer
Kontrollfeld a987689405
008 - Feld mit fester Länge zur physischen Beschreibung - Allgemeine Angaben
Kontrollfeld mit fester Länge 180516s1996 gw |||| 000u ger d
020 ## - Internationale Standardbuchnummer
Internationale Standardbuchnummer 3129040706
Verknüpfung 3-12-904070-6
041 ## - Sprachcode
Sprachcode des Textes/der Tonspur oder des separaten Titels ger
040 ## - Katalogisierungsquelle
Übertragungsstelle RU-10907106
003 - Kontrollnummer Identifier
Kontrollfeld RU-10907106
100 1# - Haupteintragung - Personenname
Personenname Jeismann, Karl-Ernst
245 04 - Titel
Titel Das preußische Gymnasium in Staat und Gesellschaft :
Zusatz zum Titel die Entstehung des Gymnasiums als Schule des Staates und der Gebildeten, 1787 - 1817 /
Verfasserangabe etc. Karl-Ernst Jeismann
250 ## - Ausgabebezeichnung
Ausgabebezeichnung Vollständig überarbeitete Auflage
264 ## - Produktion, Veröffentlichung, Distribution, Herstellung und Urheberrechtsvermerk
Herstellungs-, Veröffentlichungs- Vertriebs-, Erzeugungsort Stuttgart :
Produzent, Herausgeber, Distributor, Hersteller Klett,
Datum der Herstellung, der Veröffentlichung, des Vertriebs oder des Urheberschutzvermerks 1996
300 ## - Physische Beschreibung
Umfang 2 Bände
490 #0 - Gesamttitelangabe
Gesamttitelangabe Industrielle Welt
Bandnummer/Folgebezeichnung 15
500 ## - Allgemeine Fußnote
Allgemeine Fußnote Teilw. zugl.: Bochum, Univ., Habil.-Schr., 1971
942 ## - Zusätzliche Felder (Koha)
Koha-Medientyp Monographien
Exemplare
Ausgeschieden Verloren Beschädigt Nicht entleihbar Heimatbibliothek Aufenthaltsbibliothek Aufstellungsort Erwerbungsdatum Inventarnummer Signatur Barcode Letzte Aktivität Preis gültig von Koha-Medientyp
        MWN Osteuropa MWN Osteuropa Lesesaal - 1 16/05/2018 18-00887 Ersatzß D 40 t Jei 1 (Bde.) 49714 23/02/2021 22/03/2021 Monographien